| 000 | 01330cam a2200301 i 4500 | ||
|---|---|---|---|
| 001 | 18967730 | ||
| 003 | EG-ScBUE | ||
| 005 | 20230527093507.0 | ||
| 008 | 160208t2014 caua f 000 0 eng d | ||
| 020 | _a9781600583773 | ||
| 040 |
_aYDXCP _beng _erda _cYDXCP _dBTCTA _dBDX _dCCPLG _dCLE _dQBX _dLTSCA _dOCLCO _dOCLCF _dOCLCQ _dDLC _dDLC _dEG-ScBUE |
||
| 082 | 0 | 4 |
_a741.51 _222 _bVAN |
| 100 | 1 |
_aVan De Vall, Tim, _eauthor. _939979 |
|
| 245 | 1 | 0 |
_aCreative cartooning / _cby Tim Van de Vall. |
| 246 | 3 | 4 |
_iCreative cartooning : _aMaster the art of drawing cartoon characters-step by step! |
| 264 | 1 |
_aIrvine : _bWalterfoster, _c[2014] |
|
| 264 | 4 | _cc2014 | |
| 300 |
_a64 pages : _billustrations ; _c24 cm. |
||
| 336 |
_2rdacontent _atext _btxt |
||
| 337 |
_2rdamedia _aunmediated _bn |
||
| 338 |
_2rdacarrier _avolume _bnc |
||
| 490 | 0 |
_aArtist's library series ; _vAL58 |
|
| 520 | _a"With its contemporary approach, Creative Cartooning is the perfect guide to help yo get started in this popular art form. Inside you'll find everything you need to know to create dynamic characters, render gestures, and add props and costumes. You'll also find a helpful list and overview of basic tools and materials"--P[4] of cover. | ||
| 650 | 7 |
_aCartooning. _2BUEsh _939980 |
|
| 653 |
_bCOMAME _cMay2016 |
||
| 655 | _vReading book | ||
| 942 |
_2ddc _cBB |
||
| 999 |
_c21743 _d21715 |
||